| 000 | 01048nam a2200277Ia 4500 | ||
|---|---|---|---|
| 005 | 20260129185602.0 | ||
| 008 | 210422s2002 mx aod|gr 001 0 spa d | ||
| 020 | _a968-19-1096-6 | ||
| 040 |
_aBPGM _bspa |
||
| 041 |
_aspa _heng |
||
| 082 | _a613.04244 / C83 | ||
| 100 |
_aSTOPPARD, MIRIAM _eDRA. |
||
| 245 | 0 |
_aEL CUERPO DE LA MUJER : _bUN MANUAL PARA TODA LA VIDA |
|
| 260 |
_aMÉXICO : _bAGUILAR , _c2002 . |
||
| 300 |
_a224 páginas ; _c19..2 x 24 cm |
||
| 336 |
_2rdacontent _atexto _btxt |
||
| 337 |
_2rdamedia _asin mediación _bn |
||
| 338 |
_2rdacarrier _avolumen _bnc |
||
| 490 | 0 | _aAGUILAR | |
| 505 | _aEL CUERPO FEMENINO ES UNA MARAVILLA SIN PARALELO. ES FUENTE DE LA VIDA HUMANA , UN OBJETO DE FASCINACIÓN, ADMIRACIÓN Y DESEO CONSTANTES, ADEMÁS DE CONSTITUIR LA ESENCIA DE UNA ENORME CANTIDAD DE LOGROS FÍSICOS Y CREATIVOS. | ||
| 650 | _aTECNOLOGÍA (CIENCIAS APLICADAS) | ||
| 650 | _aCIENCIAS MÉDICAS MEDICINA | ||
| 650 | _aPROMOCIÓN DE SALIUD | ||
| 700 |
_aSAUNDERS , ROS _bDISEÑO |
||
| 942 |
_cGENERAL _2ddc |
||
| 999 |
_c32655 _d32655 |
||